Nečakaný odchod umeleckého fotografa Bedricha Schreibera

Bibliographic Details
Main Author: Kozáček, Ivan, 1923-2015 (Author)
Format: Article
Language:Slovak
ISSN:1335-0773
Subjects:

MARC

LEADER 00000nab a2200000 a 4500
001 vtls000636255
003 SK-MaSNL
005 20260304090741.0
008 250425c1997 xo 0 slo
015 |a SNBRB19rr/mm-uuuuu 
035 |a CL0636394 
035 |a urn:nbn:sk:snk-ab7cdy 
035 |a (uuid)65314e3d-3a36-4d41-b681-504f5c2b8240 
035 |a (urnnbn)urn:nbn:sk:snk:ar-a07iy7 
035 |a (sysno)vtls000636255 
040 |a SNKBUCL  |b slo  |c SNKBUCL  |e AACR2 
041 0 |a slo 
044 |a xo  |c SK 
080 |a 77.04-051  |2 1981 
080 |a 929 Schreiber, Bedrich  |2 1981 
100 1 |a Kozáček, Ivan,  |d 1923-2015  |4 aut  |9 112066 
245 1 0 |a Nečakaný odchod umeleckého fotografa Bedricha Schreibera  |c Ivan Kozáček 
600 1 7 |a Schreiber, Bedrich,  |d 1926-1997  |2 snkbucl  |9 160288 
655 7 |a nekrológy  |2 snkbucl  |9 402542 
655 7 |a články z novín a časopisov  |2 snkbucl  |9 267496 
773 0 |t Fototip  |g Roč. 4, č. 8 (1997), s. 7  |x 1335-0773 
850 |a Slovenská národná knižnica 
852 |a Slovenská národná knižnica 
954 |a odborná, vedecká literatúra pôvodná (slovenská)  |2 lita 
958 |a article27 
958 |a SK 
958 |a BX 
958 |a RK 
958 |a OND 
958 |a EUIPO 
999 |c 2812558  |d 2814488